[Kafenda, Frico]

Zobrazenie: Podobizeň hudobného skladateľa, klaviristu, dirigenta, pedagóga Frica Kafendu asi z roku 1907 počas jeho pôsobenia v mestskom divadle v Tilsite v Nemecku (2.11.1883 Mošovce - 3.9.1963 Bratislava).

Bibliographic Details
Other Authors: Schmidt, Ernst (fotograf) (Photographer)
Format: Photo
Language:German
PhysicalDescription:1 fotografia čiernobiela 17 x 11 cm
Published: [S.l. s.n.] [1907]
Subjects:

MARC

LEADER 00000nkmaa2200000 a 4500
001 vtls011892712
003 SK-MaSNL
005 20260331211146.0
007 kh bo
008 230802s1907 gw | |||0 k|ger
035 |a urn:nbn:sk:snk-km00ej9e 
035 |a urn:nbn:sk:snk-km45w7v 
035 |a B4D6FF66-00D2-48E8-AC9F-8676EDF925B7 
040 |a SNKLA  |b slo  |c SNKLA  |e AACR2 
041 0 |a ger 
044 |a gw  |c DE 
100 1 |a Schmidt, Ernst  |c (fotograf)  |4 pht  |9 190951 
245 1 0 |a [Kafenda, Frico]  |h grafika 
260 |a [S.l.  |b s.n.]  |c [1907] 
300 |a 1 fotografia  |b čiernobiela  |c 17 x 11 cm 
520 2 |a Zobrazenie: Podobizeň hudobného skladateľa, klaviristu, dirigenta, pedagóga Frica Kafendu asi z roku 1907 počas jeho pôsobenia v mestskom divadle v Tilsite v Nemecku (2.11.1883 Mošovce - 3.9.1963 Bratislava). 
600 1 7 |a Kafenda, Frico,  |d 1883-1963  |2 SNKMA  |9 38519 
655 7 |a portrétne fotografie  |2 SNKPH  |9 305796 
852 7 |a Slovenská národná knižnica v Martine  |b Literárny archív 
958 |a ZO 
958 |a BLA 
999 |c 690839  |d 692769 
952 |a SNKLA  |b SNKLA  |c SNKLA_DEP  |y NEVYP  |7 0  |p 17A1309909  |o snkSK 4/29  |i snkLA 1700/1984  |0 0  |1 0  |4 0  |d 2019-10-10  |f 1  |l 0  |r 2026-02-23 20:26:20  |w 2026-02-23